| 000 | 00919cam a2200289 a 4500 | ||
|---|---|---|---|
| 999 |
_c2826 _d2826 |
||
| 001 | .b29945434 | ||
| 003 | OCoLC | ||
| 005 | 20230823085515.0 | ||
| 008 | 201201s2007 enka 000 0 eng d | ||
| 020 |
_a9781405087278 _q(pbk.) |
||
| 035 | _a(OCoLC)804649400 | ||
| 040 |
_aEs-BaCBU _bcat _cESCBC _dTWFJU _dRDI _dKH8 |
||
| 042 | _anbic | ||
| 082 | 0 | _a428.64 SHA | |
| 100 | 1 |
_aShakespeare, William, _eauthor. |
|
| 245 | 1 | 2 |
_aA midsummer night's dream / _cWilliam Shakespeare ; [illustrated by Janos Jantner] |
| 260 |
_aOxford : _bMacmillan, _c2007. |
||
| 300 |
_a79 p. : _bill. ; _c20 cm. |
||
| 490 | 0 | _aMacmillan readers. Pre-intermediate level. | |
| 650 | 0 | _aReaders. | |
| 650 | 0 | _aReaders for new literates. | |
| 650 | 0 |
_aEnglish language _vTextbooks for foreign speakers. |
|
| 650 | 0 | _aHigh interest-low vocabulary books. | |
| 700 | 1 |
_aJantner, Janos, _eillustrator. |
|
| 942 |
_2ddc _cTR |
||